000 00246nam a2200097Ia 4500
008 190216s9999||||xx |||||||||||||| ||und||
100 _aBharathbhooshan Saroj
245 0 _aHindi-Mahadevi Aur Adunika Kavi
260 _bReegla Book Depo
942 _cBK
999 _c17839
_d17839